Rock engineering / (Record no. 532573)
[ view plain ]
| 000 -LEADER | |
|---|---|
| fixed length control field | 01143cam a2200337 a 4500 |
| 001 - CONTROL NUMBER | |
| control field | 16707051 |
| 003 - CONTROL NUMBER IDENTIFIER | |
| control field | NUST |
| 005 - DATE AND TIME OF LATEST TRANSACTION | |
| control field | 20191126101735.0 |
| 008 - FIXED-LENGTH DATA ELEMENTS--GENERAL INFORMATION | |
| fixed length control field | 110325s2010 enkab b 001 0 eng c |
| 010 ## - LIBRARY OF CONGRESS CONTROL NUMBER | |
| LC control number | 2011379778 |
| 020 ## - INTERNATIONAL STANDARD BOOK NUMBER | |
| International Standard Book Number | 9780727740830 |
| 020 ## - INTERNATIONAL STANDARD BOOK NUMBER | |
| International Standard Book Number | 0727740830 |
| 035 ## - SYSTEM CONTROL NUMBER | |
| System control number | (OCoLC)ocn650204497 |
| 038 ## - RECORD CONTENT LICENSOR | |
| Staff Name | M.Ramzan |
| 040 ## - CATALOGING SOURCE | |
| Original cataloging agency | BWK |
| Transcribing agency | BWK |
| Modifying agency | NLE |
| -- | CDX |
| -- | YDXCP |
| -- | UPM |
| -- | DLC |
| 042 ## - AUTHENTICATION CODE | |
| Authentication code | pcc |
| 050 00 - LIBRARY OF CONGRESS CALL NUMBER | |
| Classification number | TA706 |
| Item number | .P335 2010 |
| 082 ## - DEWEY DECIMAL CLASSIFICATION NUMBER | |
| Classification number | 624.15132 |
| Author Mark | PAL |
| 100 1# - MAIN ENTRY--PERSONAL NAME | |
| Personal name | Palmström, Arild. |
| 9 (RLIN) | 26169 |
| 245 10 - TITLE STATEMENT | |
| Title | Rock engineering / |
| Statement of responsibility, etc. | Arild Palmström and Håkan Stille. |
| 260 ## - PUBLICATION, DISTRIBUTION, ETC. | |
| Place of publication, distribution, etc. | London : |
| Name of publisher, distributor, etc. | Thomas Telford ; |
| Place of publication, distribution, etc. | Fitchburg, MA : |
| Name of publisher, distributor, etc. | Publishers Storage and Shipping Corp. [distributor], |
| Date of publication, distribution, etc. | 2010. |
| 300 ## - PHYSICAL DESCRIPTION | |
| Extent | vi, 408 p. : |
| Other physical details | ill. (some col.), map ; |
| Dimensions | 24 cm. |
| 504 ## - BIBLIOGRAPHY, ETC. NOTE | |
| Bibliography, etc. note | Includes bibliographical references (p. [312]-325) and index. |
| 650 #0 - SUBJECT ADDED ENTRY--TOPICAL TERM | |
| Topical term or geographic name entry element | Rock mechanics. |
| 9 (RLIN) | 23489 |
| 650 #0 - SUBJECT ADDED ENTRY--TOPICAL TERM | |
| Topical term or geographic name entry element | Excavation. |
| 9 (RLIN) | 26170 |
| 650 #0 - SUBJECT ADDED ENTRY--TOPICAL TERM | |
| Topical term or geographic name entry element | Engineering geology. |
| 9 (RLIN) | 21221 |
| 700 1# - ADDED ENTRY--PERSONAL NAME | |
| Personal name | Stille, Håkan. |
| 9 (RLIN) | 26171 |
| 906 ## - LOCAL DATA ELEMENT F, LDF (RLIN) | |
| a | 7 |
| b | cbc |
| c | pccadap |
| d | 2 |
| e | ncip |
| f | 20 |
| g | y-gencatlg |
| 942 ## - ADDED ENTRY ELEMENTS (KOHA) | |
| Source of classification or shelving scheme | |
| Koha item type | Book |
| Withdrawn status | Lost status | Source of classification or shelving scheme | Damaged status | Not for loan | Permanent Location | Current Location | Date acquired | Total Checkouts | Full call number | Barcode | Date last seen | Price effective from | Koha item type |
|---|---|---|---|---|---|---|---|---|---|---|---|---|---|
| School of Civil and Environmental Engineering (SCEE) | School of Civil and Environmental Engineering (SCEE) | 11/26/2019 | 624.15132 PAL | NIT-10003 | 11/26/2019 | 11/26/2019 | Book |
